| 000 | 00508 a2200169 4500 | ||
|---|---|---|---|
| 001 | ART_38590 | ||
| 005 | 20260410162011.0 | ||
| 008 | 260409a | ||
| 245 | 1 | 0 | _aLa deuda social en la ciudad de Rosario. Una perspectiva multimodal |
| 100 | 1 | _aAccursi, Marcelo | |
| 700 | 1 | _aAguiar, Rolando Raúl | |
| 700 | 1 | _aCasiello, Francisco | |
| 700 | 1 | _aCoppa, Carlos | |
| 700 | 1 | _aPalacios, Clide Lidia | |
| 700 | 1 | _aRomano, Dante | |
| 773 | 0 |
_tAnuario _g- Nº 6 (ene./dic. 2009) _wREV38525 |
|
| 999 |
_c32219 _d32219 |
||